[Event "FIDE World Rapid Team"]
[Site "Almaty KAZ"]
[Date "2024.08.04"]
[Round "11.46"]
[White "Primbetov, Kazbek"]
[Black "Bivol, Alina"]
[Result "0-1"]
[WhiteTitle "FM"]
[BlackTitle "IM"]
[WhiteElo "2059"]
[BlackElo "2345"]
[WhiteTeam "Helicopter"]
[BlackTeam "Rookies"]
[WhiteFideId "13702297"]
[BlackFideId "4100123"]
[EventDate "2024.08.02"]

1. e4 e5 2. Nf3 Nc6 3. Nc3 Nf6 4. Bb5 Bc5 5. d3 O-O 6. Bxc6 dxc6 7. O-O Re8 8.
Qe2 h6 9. Be3 Bf8 10. h3 a6 11. Nh2 b5 12. a4 b4 13. Nb1 b3 14. cxb3 Rb8 15. Nd2
Be6 16. Rac1 Qd7 17. Nc4 Bxc4 18. bxc4 Rb4 19. Qc2 Reb8 20. Rb1 Rb3 21. Rfd1 c5
22. Nf3 Qd6 23. a5 Nd7 24. Ne1 Be7 25. Bd2 Nf8 26. Bc3 Ne6 27. Nf3 Nd4 28. Bxd4
cxd4 29. Nd2 R3b4 30. c5 Qxc5 31. Qxc5 Bxc5 32. Nc4 Bd6 33. Kf1 R4b5 34. Ke2 Bb4
35. Ra1 Rc5 36. Rdc1 Rbb5 37. Kd1 Kf8 38. Ra4 g6 39. Rca1 f5 40. f3 Ke7 41. g4
Kf6 42. h4 Rc6 43. Rc1 Be7 44. Kc2 Ke6 45. Rh1 Rb8 46. h5 fxe4 47. fxe4 gxh5 48.
Rxh5 Bg5 49. Rh2 Rc5 50. Rf2 Bf4 51. Ra1 Rg8 52. b4 Rb5 53. Kb3 Rxg4 54. Rf3 Rb8
55. Ka4 h5 56. Rh1 h4 57. Rfh3 Bg3 58. Na3 Rf4 59. b5 axb5+ 60. Nxb5 c6 61. Na3
Rf3 62. Rd1 Rf2 63. Rhh1 Rfb2 64. a6 Ra8 65. Ka5 Rb3 66. Ra1 Bf4 67. Rhd1 Bg5
68. Rdb1 Bd8+ 69. Ka4 Rxd3 70. Nc4 Rxa6+ 71. Kb4 Be7+ 0-1

[Event "FIDE World Rapid Team"]
[Site "Almaty KAZ"]
[Date "2024.08.04"]
[Round "11.47"]
[White "Tregubenko, Nikolay"]
[Black "Kovanova, Mariya"]
[Result "1-0"]
[BlackTitle "WFM"]
[WhiteElo "2023"]
[BlackElo "2118"]
[WhiteTeam "Rookies"]
[BlackTeam "Helicopter"]
[WhiteFideId "34358978"]
[BlackFideId "13704818"]
[EventDate "2024.08.02"]

1. e4 d5 2. exd5 Qxd5 3. Nc3 Qa5 4. d4 Nf6 5. Nf3 Bf5 6. Bd3 e6 7. O-O Bb4 8.
Ne5 Bxd3 9. Qxd3 Nbd7 10. Re1 Bxc3 11. bxc3 Nd5 12. Nxd7 Kxd7 13. Bd2 Qa3 14.
Rab1 b6 15. Rb3 Qd6 16. c4 Nf6 17. g3 Rad8 18. Bf4 Qc6 19. d5 Qc5 20. dxe6+ Ke7
21. Qe2 Rhe8 22. Bc1 Qf5 23. Rb5 c5 24. Rb3 fxe6 25. Ra3 Rd7 26. Bb2 Kf7 27. Rf3
Qh3 28. Qe3 Rde7 29. Be5 Rd8 30. Qg5 Rf8 31. Bxf6 gxf6 32. Qxf6+ Ke8 33. Qxf8+ 1-0

[Event "FIDE World Rapid Team"]
[Site "Almaty KAZ"]
[Date "2024.08.04"]
[Round "11.1"]
[White "Kazakov, Konstantin"]
[Black "Aitbayev, Aslan"]
[Result "1/2-1/2"]
[WhiteTitle "IM"]
[BlackTitle "IM"]
[WhiteElo "2333"]
[BlackElo "2380"]
[WhiteTeam "Storm of Dragons"]
[BlackTeam "Astana-2"]
[WhiteFideId "13700898"]
[BlackFideId "13704613"]
[EventDate "2024.08.02"]

1. e4 e6 2. d4 d5 3. Nd2 c5 4. exd5 Qxd5 5. Ngf3 cxd4 6. Bc4 Qd6 7. O-O Nf6 8.
Nb3 Nc6 9. Nbxd4 Nxd4 10. Nxd4 Be7 11. b3 O-O 12. Bb2 Bd7 13. Qf3 Qc7 14. Rad1
Rad8 15. a4 a6 16. Rfe1 Bb4 17. Rf1 Bc8 18. Ne2 Be7 19. h3 b5 20. axb5 axb5 21.
Bd3 b4 22. Qg3 Qxg3 23. Nxg3 Nd5 24. Ne2 Bb7 25. Ra1 Bc5 26. Rfd1 Ra8 27. Rxa8
Rxa8 28. Ra1 Rd8 29. Kf1 f6 30. g3 Kf7 31. h4 g6 32. Bd4 Bxd4 33. Nxd4 Ra8 34.
Re1 e5 35. Nb5 Bc6 36. Nd6+ Ke7 37. Ne4 h6 38. Nd2 g5 39. hxg5 hxg5 40. Be4 Ra6
41. Nc4 Ke6 42. Bd3 Ra2 43. Bh7 Nc3 44. Ne3 Bf3 45. Bf5+ Ke7 46. Nc4 Ra8 47. Nd2
Bd5 48. f3 Rh8 49. Kg2 Be6 50. Bd3 g4 51. fxg4 Bxg4 52. Ra1 Be6 53. Ra7+ Kd6 54.
Ra6+ Ke7 55. Ra7+ Kd6 56. Ra6+ Ke7 57. Ra7+ 1/2-1/2

[Event "FIDE World Rapid Team"]
[Site "Almaty KAZ"]
[Date "2024.08.04"]
[Round "11.2"]
[White "Akhmetov, Ayan"]
[Black "Isaev, Anton"]
[Result "1-0"]
[WhiteTitle "IM"]
[WhiteElo "2380"]
[BlackElo "2156"]
[WhiteTeam "Astana-2"]
[BlackTeam "Storm of Dragons"]
[WhiteFideId "13703706"]
[BlackFideId "24185132"]
[EventDate "2024.08.02"]

1. d4 Nf6 2. Bf4 g6 3. Nc3 d5 4. e3 Bg7 5. h4 h5 6. Nf3 O-O 7. Be2 Bg4 8. Ne5
Bxe2 9. Qxe2 Nbd7 10. O-O-O c6 11. f3 Rc8 12. g4 b5 13. Kb1 Nb6 14. Qg2 b4 15.
Ne2 Nc4 16. Nxc4 dxc4 17. e4 b3 18. cxb3 cxb3 19. a3 c5 20. dxc5 Qa5 21. e5 Qxc5
22. Nc3 Ne8 23. gxh5 Rc6 24. h6 Bh8 25. h7+ Kxh7 26. h5 Kg8 27. hxg6 fxg6 28.
Qh2 Bg7 29. Rd2 Rxf4 30. Qxf4 Bxe5 31. Qe4 Bxc3 32. bxc3 Qxc3 33. Qd5+ Kg7 34.
Qd8 Re6 35. Qxe8 Re2 36. Qh8+ 1-0

[Event "FIDE World Rapid Team"]
[Site "Almaty KAZ"]
[Date "2024.08.04"]
[Round "11.3"]
[White "Dosmukhambetov, Arystan"]
[Black "Mazhkenov, Alisher"]
[Result "0-1"]
[WhiteElo "1976"]
[BlackElo "2118"]
[WhiteTeam "Storm of Dragons"]
[BlackTeam "Astana-2"]
[WhiteFideId "13742418"]
[BlackFideId "13718983"]
[EventDate "2024.08.02"]

1. Nf3 Nf6 2. g3 d5 3. Bg2 c6 4. O-O Bg4 5. Ne5 Bf5 6. b3 e6 7. Bb2 Nbd7 8. d3
Nxe5 9. Bxe5 Bd6 10. Bb2 O-O 11. Nd2 e5 12. a3 a5 13. e4 dxe4 14. dxe4 Bg4 15.
Qe1 b5 16. h3 Be6 17. Qe2 Nd7 18. Rfd1 Qe7 19. a4 bxa4 20. Rxa4 Nb6 21. Raa1 a4
22. Bc3 f6 23. Nf1 axb3 24. cxb3 Bxb3 25. Rdb1 Bc4 26. Qc2 Bxf1 27. Bxf1 Nd7 28.
Bc4+ Kh8 29. Rxa8 Rxa8 30. Rb7 Rb8 31. Qb2 Qd8 32. Kg2 Nc5 33. Rxb8 Bxb8 34. Qe2
Bc7 35. h4 Ba5 36. Bxa5 Qxa5 37. Qg4 Qd8 38. h5 Qd7 39. Qe2 Qd4 40. f3 Qd8 41.
Qe3 Qf8 42. Qd2 h6 43. Qb4 Kh7 44. Kh2 Qd6 45. Qc3 g6 46. hxg6+ Kxg6 47. Bg8 Qd4
48. Qc2 Qe3 49. Qc4 Qd2+ 50. Kh3 Qd7+ 51. g4 Nd3 52. Bf7+ Kg7 53. Bh5 Nf4+ 54.
Kg3 Ne6 55. g5 Nxg5 56. Bg4 Qd1 57. Kf2 Qd4+ 58. Qxd4 exd4 59. Ke2 Nf7 60. f4
Nd6 61. Kd3 c5 62. Bh5 Kf8 63. e5 fxe5 64. fxe5 Nf5 65. Kc4 Ke7 66. Bg6 Ke6 67.
Kxc5 d3 68. Bh5 d2 69. Kc4 d1=Q 70. Bxd1 Ne3+ 71. Kd4 Nxd1 72. Ke4 Nf2+ 73. Kf4
Nd3+ 74. Kg4 Nxe5+ 75. Kh5 Nf7 76. Kg6 Ke5 77. Kh5 Kf5 78. Kh4 Kg6 79. Kg4 h5+
80. Kh4 Nh6 81. Kh3 Kg5 82. Kg3 h4+ 83. Kh3 Nf5 84. Kh2 Kg4 85. Kg2 h3+ 86. Kh2
Ne3 87. Kh1 Kg3 88. Kg1 Ng4 0-1

[Event "FIDE World Rapid Team"]
[Site "Almaty KAZ"]
[Date "2024.08.04"]
[Round "11.4"]
[White "Nugumanov, Bakhtiyar"]
[Black "Akhmet, Suleyman"]
[Result "1/2-1/2"]
[WhiteTitle "IM"]
[WhiteElo "2288"]
[BlackElo "1730"]
[WhiteTeam "Astana-2"]
[BlackTeam "Storm of Dragons"]
[WhiteFideId "13701797"]
[BlackFideId "13752111"]
[EventDate "2024.08.02"]

1. e4 c5 2. Nf3 e6 3. Nc3 Nc6 4. Be2 Nf6 5. O-O e5 6. Bc4 h6 7. d3 d6 8. h3 Be7
9. a3 O-O 10. Nh2 Be6 11. Nd5 a6 12. Nxf6+ Bxf6 13. Ng4 Be7 14. Ne3 Qd7 15. c3
b5 16. Bd5 Bg5 17. Bxe6 fxe6 18. a4 b4 19. Nc4 Bxc1 20. Rxc1 Rab8 21. Qg4 bxc3
22. bxc3 Rb3 23. f4 exf4 24. Rxf4 Rxf4 25. Qxf4 d5 26. exd5 exd5 27. Ne5 Nxe5
28. Qxe5 d4 29. Qxc5 Rxc3 30. Rxc3 dxc3 31. Qc4+ Kh8 32. a5 c2 33. Qxc2 Qd4+ 34.
Kf1 Qa1+ 35. Ke2 Qxa5 36. d4 Kg8 37. Qc4+ Kf8 38. Qc8+ Ke7 39. Qb7+ Kf6 40. Qc6+
Ke7 41. Qe4+ Kf7 42. d5 Qb5+ 43. Kf3 Qf1+ 44. Kg3 Qf6 45. Qc4 Qd6+ 46. Kf3 a5
47. Qb5 a4 48. Qxa4 Qxd5+ 49. Qe4 Qxe4+ 50. Kxe4 Ke6 1/2-1/2

[Event "FIDE World Rapid Team"]
[Site "Almaty KAZ"]
[Date "2024.08.04"]
[Round "11.5"]
[White "Kim, Kristina"]
[Black "Tokbayev, Anuar"]
[Result "1-0"]
[WhiteTitle "WCM"]
[WhiteElo "1943"]
[BlackElo "1880"]
[WhiteTeam "Storm of Dragons"]
[BlackTeam "Astana-2"]
[WhiteFideId "13712438"]
[BlackFideId "13724703"]
[EventDate "2024.08.02"]

1. d4 d5 2. Nf3 Nf6 3. Bf4 c5 4. e3 Nc6 5. c3 g6 6. Nbd2 Bg7 7. dxc5 O-O 8. Bb5
Nd7 9. Nb3 a6 10. Be2 e5 11. Bg5 Nf6 12. O-O Be6 13. Bh4 h6 14. Nbd2 a5 15. e4
g5 16. exd5 Nxd5 17. Bg3 f5 18. h3 Qe7 19. Re1 f4 20. Bh2 Nf6 21. Bc4 Bxc4 22.
Nxc4 e4 23. Nd4 Qxc5 24. Qb3 a4 25. Qb5 Qxb5 26. Nxb5 Rad8 27. g3 Rd5 28. Ncd6
Rd2 29. gxf4 gxf4 30. Nc4 Rd5 31. Nc7 Rc5 32. b3 axb3 33. axb3 Rf5 34. Ne6 Rb8
35. Bxf4 Re8 36. Nxg7 Kxg7 37. Bg3 Rf3 38. Nd6 Re7 39. Re3 Kg6 40. Rd1 b6 41.
Rxf3 exf3 42. Rd3 Re1+ 43. Kh2 Rb1 44. b4 Rb3 45. b5 Na5 46. Rxf3 Nd5 47. Be5
Ne7 48. Rg3+ Kh5 49. Ne8 Nd5 50. Ng7+ 1-0

[Event "FIDE World Rapid Team"]
[Site "Almaty KAZ"]
[Date "2024.08.04"]
[Round "11.6"]
[White "Altynbek, Aiaru"]
[Black "Kertaev, Natan"]
[Result "1-0"]
[WhiteTitle "WFM"]
[WhiteElo "1990"]
[BlackElo "1828"]
[WhiteTeam "Astana-2"]
[BlackTeam "Storm of Dragons"]
[WhiteFideId "13752472"]
[BlackFideId "13711555"]
[EventDate "2024.08.02"]

1. d4 Nf6 2. c4 e6 3. Nf3 Bb4+ 4. Bd2 Qe7 5. g3 O-O 6. Bg2 Ne4 7. O-O Nxd2 8.
Nbxd2 Bxd2 9. Qxd2 d6 10. Qc3 Nd7 11. Rfd1 e5 12. dxe5 dxe5 13. Bh3 f6 14. Nh4
g6 15. Rd2 Nc5 16. Bg2 a5 17. Qc2 c6 18. b3 Be6 19. a3 a4 20. bxa4 Rxa4 21. Rad1
Rxc4 22. Qb1 Ra4 23. Rd6 e4 24. Qb6 Rc4 25. Bf1 Bd5 26. e3 Na4 27. Qb3 Rd4 28.
Rxd5 Rxd5 29. Rxd5 cxd5 30. Qxa4 Rc8 31. Ng2 g5 32. h4 h6 33. Kh2 Rc1 34. Qb5
Kg7 35. Be2 Rc2 36. a4 Rc5 37. Qb3 Qc7 38. Bh5 b6 39. Ne1 Qc6 40. Be2 Rc1 41.
Ng2 Rc2 42. Bb5 Qc5 43. Kg1 Rc1+ 44. Kh2 Rc2 45. Kg1 Kg6 46. Be8+ Kg7 47. Bb5
Kf7 48. h5 Kg7 49. Bd7 Rd2 50. Qb1 Qc7 51. Bb5 Rc2 52. Qb3 Rd2 53. Qb4 Rd1+ 54.
Kh2 Kf7 55. Be2 Ra1 56. Ne1 Qc5 57. Qd2 Rxa4 58. Qb2 Ra7 59. Nc2 Rc7 60. Nd4 Ra7
61. Bg4 Ra5 62. Be6+ Ke7 63. Bg4 Kf7 64. Be6+ Kg7 65. Bd7 Kf7 66. Nb3 Qb4 67.
Qc2 Ra3 68. Nd4 Qc3 69. Qb1 Qd2 70. Qxb6 Qxf2+ 71. Kh3 Qf1+ 72. Kg4 Qd1+ 73. Kh3
Qh1+ 74. Kg4 Qd1+ 75. Kh3 g4+ 76. Kh4 Qh1+ 77. Kxg4 Qd1+ 78. Kh4 Qh1+ 79. Bh3
Ra1 80. Qe6+ Kg7 81. Qe7+ Kg8 82. Qe8+ Kh7 83. Qf7+ Kh8 84. Nf5 1-0

[Event "FIDE World Rapid Team"]
[Site "Almaty KAZ"]
[Date "2024.08.04"]
[Round "11.7"]
[White "Ten, Viktor"]
[Black "Orozbaev, Eldiyar"]
[Result "0-1"]
[BlackTitle "FM"]
[WhiteElo "2236"]
[BlackElo "2376"]
[WhiteTeam "Chess Mates"]
[BlackTeam "Noval Group Kyrgystan"]
[WhiteFideId "13700820"]
[BlackFideId "13802240"]
[EventDate "2024.08.02"]

1. e4 e6 2. d4 d5 3. e5 c5 4. c3 Nc6 5. Be3 Nge7 6. Bd3 cxd4 7. cxd4 Nf5 8. Bxf5
exf5 9. Nf3 Be7 10. Qd2 h6 11. h4 f4 12. Bxf4 Bg4 13. Nc3 O-O 14. Bxh6 gxh6 15.
Qxh6 Qd7 16. Ng5 Qf5 17. f3 Nxd4 18. O-O Bxg5 19. hxg5 Nxf3+ 20. gxf3 Bxf3 21.
Qh4 Qg4+ 22. Qxg4 Bxg4 23. Nxd5 Kg7 24. Ne3 Be6 25. a3 Rh8 26. Rac1 Rh5 27. Kf2
Rh2+ 28. Kf3 Rah8 29. Rf2 Rxf2+ 30. Kxf2 Rh2+ 31. Kf3 Rxb2 32. Rc3 Kg6 33. Kf4
Rf2+ 34. Kg3 Rd2 35. Nf1 Rd4 36. Nh2 Kf5 37. Nf3 Rg4+ 38. Kf2 Bd5 39. Rd3 Ke6
40. Nd4+ Kxe5 41. Nb5 Rg2+ 42. Ke3 Bc4 43. Rc3 Rg3+ 44. Kf2 Rxc3 45. Nxc3 Kf4
46. a4 Kxg5 47. Ke3 Kf5 48. Kd4 Bf1 49. a5 Kg4 50. Nd5 Bg2 51. Ne3+ Kf3 52. Nd5
Bh3 53. Ke5 Be6 54. Nc7 Ke3 55. Kd6 Bc4 56. Ke5 b5 57. axb6 axb6 58. Ne8 b5 59.
Nd6 Kd3 0-1

[Event "FIDE World Rapid Team"]
[Site "Almaty KAZ"]
[Date "2024.08.04"]
[Round "11.8"]
[White "Zhakshylykov, Erzhan"]
[Black "Bolat, Inayat"]
[Result "1-0"]
[WhiteTitle "FM"]
[BlackTitle "FM"]
[WhiteElo "2327"]
[BlackElo "2264"]
[WhiteTeam "Noval Group Kyrgystan"]
[BlackTeam "Chess Mates"]
[WhiteFideId "13804111"]
[BlackFideId "13733125"]
[EventDate "2024.08.02"]

1. d4 Nf6 2. c4 e6 3. Nc3 Bb4 4. Nf3 d5 5. cxd5 exd5 6. Bg5 h6 7. Bh4 g5 8. Bg3
Ne4 9. Nd2 Nxg3 10. hxg3 c6 11. e3 Bf5 12. g4 Be6 13. Qb3 Qe7 14. Be2 Nd7 15. a3
Bxc3 16. bxc3 Nf6 17. Rb1 O-O-O 18. Qa4 b6 19. Qxc6+ Kb8 20. Qc5 Qb7 21. Qb4
Bxg4 22. Bd3 h5 23. a4 Rh6 24. a5 Ng8 25. O-O h4 26. axb6 axb6 27. Nb3 h3 28.
Nc5 hxg2 29. Kxg2 Qc8 30. f3 Bh3+ 31. Kg1 Bxf1 32. Bxf1 Rdd6 33. Na6+ Kb7 34.
Qa3 Rdf6 35. Nc5+ Kb8 36. Ra1 Kc7 37. Na6+ Kb7 38. Nb4 Qb8 39. Qa6+ Kc7 40.
Nxd5+ Kd8 41. Qa8 Kc8 42. Ba6+ 1-0

[Event "FIDE World Rapid Team"]
[Site "Almaty KAZ"]
[Date "2024.08.04"]
[Round "11.9"]
[White "Skak, Abuali"]
[Black "Sharshenbekov, Emir"]
[Result "0-1"]
[BlackTitle "CM"]
[WhiteElo "1969"]
[BlackElo "2078"]
[WhiteTeam "Chess Mates"]
[BlackTeam "Noval Group Kyrgystan"]
[WhiteFideId "13739026"]
[BlackFideId "13810634"]
[EventDate "2024.08.02"]

1. e4 c5 2. c3 d5 3. exd5 Qxd5 4. d4 Nc6 5. Nf3 Nf6 6. Be3 cxd4 7. Nxd4 Nxd4 8.
Qxd4 e5 9. Qxd5 Nxd5 10. Bb5+ Bd7 11. a4 a6 12. Bxd7+ Kxd7 13. Nd2 Ke6 14. Ke2
f5 15. Nb3 Rc8 16. g3 Be7 17. h4 g6 18. Rad1 Rc4 19. a5 Re4 20. Kf3 Rb8 21. Nc5+
Bxc5 22. Bxc5 Rc4 23. Be3 f4 24. gxf4 Rf8 25. Kg2 Nxf4+ 26. Bxf4 Rfxf4 27. Rd8
Rc5 28. Rb8 Rf7 29. Rd1 Rxa5 30. Rdd8 Ra4 31. Re8+ Kf6 32. Kg3 h5 33. f3 Ra2 34.
b4 Rd2 35. Rec8 Rd3 36. Kg2 Kf5 37. Rf8 Rd7 38. Rxf7+ Rxf7 39. Kg3 Rc7 40. c4
Ke6 41. b5 axb5 42. cxb5 Rg7 43. b6 Kd5 44. Rc8 Rd7 45. Rc7 Kd6 46. Rc8 Rf7 47.
Kg2 Re7 48. Kg3 Re6 49. Rc7 Re7 50. Rc8 Kd7 51. Rc7+ Kd8 52. Rc5 Re6 53. f4
exf4+ 54. Kxf4 Rxb6 55. Kg5 Kd7 56. Rc1 Rc6 57. Ra1 Kc7 58. Ra3 b5 59. Ra7+ Kb6
60. Ra8 Kc5 61. Rb8 b4 62. Kf4 Kc4 63. Ke3 Kc3 64. Ke2 b3 65. Kd1 b2 66. Rb5 Rc4
67. Rb6 Rd4+ 68. Ke2 Rb4 69. Rc6+ Kd4 0-1

[Event "FIDE World Rapid Team"]
[Site "Almaty KAZ"]
[Date "2024.08.04"]
[Round "11.10"]
[White "Iunusov, Nuriddin"]
[Black "Akhmediyar, Yernur"]
[Result "1-0"]
[WhiteTitle "CM"]
[WhiteElo "1925"]
[BlackElo "1853"]
[WhiteTeam "Noval Group Kyrgystan"]
[BlackTeam "Chess Mates"]
[WhiteFideId "13803026"]
[BlackFideId "13732129"]
[EventDate "2024.08.02"]

1. e4 c5 2. c3 Nf6 3. e5 Nd5 4. d4 cxd4 5. Qxd4 e6 6. Nf3 Nc6 7. Qe4 f5 8. Qe2
b5 9. g3 a5 10. Bg2 Ba6 11. Nh4 Nde7 12. Bg5 g6 13. Bf6 Rg8 14. Qe3 Qc7 15. Nd2
Bg7 16. Bxg7 Rxg7 17. f4 Qa7 18. Qxa7 Rxa7 19. Nhf3 h6 20. h4 Nd5 21. Kf2 Ke7
22. Rhe1 Rg8 23. a3 Rc8 24. h5 Kf7 25. hxg6+ Kg7 26. Rec1 Nce7 27. Nd4 Rac7 28.
Bf1 Rb8 29. a4 bxa4 30. Bxa6 Rxb2 31. Ke1 Nxc3 32. Bc4 Rxd2 33. Kxd2 Rxc4 34.
Rxc3 Rxd4+ 35. Rd3 Rxd3+ 36. Kxd3 Kxg6 37. Rxa4 Nc6 38. Ke3 Kf7 39. Ra1 Kg6 40.
Rd1 Nb4 41. Rxd7 Nd5+ 42. Kd4 Kh5 43. Rxd5 exd5 44. Kxd5 Kg6 45. Kc5 Kf7 46. Kb5
Ke6 47. Kxa5 Kd5 48. Kb5 h5 49. Kb6 Ke6 50. Kc6 Ke7 51. Kd5 1-0

[Event "FIDE World Rapid Team"]
[Site "Almaty KAZ"]
[Date "2024.08.04"]
[Round "11.11"]
[White "Muratova, Anel"]
[Black "Lesbekova, Assel"]
[Result "1-0"]
[BlackTitle "WCM"]
[WhiteElo "1892"]
[BlackElo "1903"]
[WhiteTeam "Chess Mates"]
[BlackTeam "Noval Group Kyrgystan"]
[WhiteFideId "13707205"]
[BlackFideId "13713248"]
[EventDate "2024.08.02"]

1. e4 e5 2. Nf3 Nf6 3. Nc3 Nc6 4. d4 exd4 5. Nxd4 Nxe4 6. Nxe4 Qe7 7. Nxc6 Qxe4+
8. Qe2 Qxe2+ 9. Bxe2 dxc6 10. Be3 Bb4+ 11. c3 Bd6 12. O-O O-O 13. Rad1 Be6 14.
b3 a5 15. c4 c5 16. Bf3 Rfb8 17. a4 Kf8 18. Rd2 Ra6 19. Be4 f5 20. Bd5 Bd7 21.
f4 Rb6 22. Rd3 g6 23. Bd2 Ra6 24. Re1 Ra7 25. Rh3 h5 26. Rg3 Be8 27. Re6 c6 28.
Rf6+ Ke7 29. Re3+ Kd7 30. Bg8 Rd8 31. g3 Kc7 32. Bc3 b5 33. Ree6 Bd7 34. Rxd6
Rxg8 35. Rxd7+ Kxd7 36. Rf7+ Ke6 37. Rxa7 b4 38. Be5 Rd8 39. Rxa5 Rd3 40. Rxc5
Kd7 41. Ra5 Rxb3 42. Ra7+ Kd8 43. Rc7 h4 44. Kg2 hxg3 45. hxg3 Ra3 46. Rxc6 Rxa4
47. Rb6 1-0

[Event "FIDE World Rapid Team"]
[Site "Almaty KAZ"]
[Date "2024.08.04"]
[Round "11.12"]
[White "Nurdin Uulu, Sardarbek"]
[Black "Muratova, Saltanat"]
[Result "0-1"]
[WhiteElo "1908"]
[BlackElo "1845"]
[WhiteTeam "Noval Group Kyrgystan"]
[BlackTeam "Chess Mates"]
[WhiteFideId "13800183"]
[BlackFideId "13705776"]
[EventDate "2024.08.02"]

1. e4 c5 2. c3 Nf6 3. e5 Nd5 4. d4 cxd4 5. cxd4 d6 6. Bc4 dxe5 7. dxe5 e6 8.
Bxd5 exd5 9. Ne2 Nc6 10. Bf4 Bb4+ 11. Nd2 O-O 12. O-O Re8 13. Nf3 Bg4 14. Ned4
Rc8 15. Nxc6 bxc6 16. Qd3 h6 17. a3 Bf8 18. b4 g6 19. Nd4 Bg7 20. Qg3 h5 21.
Rac1 g5 22. Bd2 Bxe5 23. Qd3 Qf6 24. Bc3 Qd6 25. h3 Bd7 26. Bd2 Bf6 27. Nf5 Qe5
28. Ne3 Qe4 29. Qxe4 Rxe4 30. Rc2 Kg7 31. Rfc1 Ree8 32. Rc5 Bd4 33. Ra5 Bb6 34.
Ra6 Rc7 35. Rxb6 axb6 36. Nxd5 Rb7 37. Bc3+ Kg6 38. Ne3 Be6 39. Bb2 Rc8 40. Bd4
Rd8 41. Be5 Bd5 42. g4 h4 43. Nf5 f6 44. Bb2 Be4 45. Nd4 Rbd7 46. f3 Bd5 47. Nf5
Bxf3 48. Kf2 Be4 49. Ke3 Bxf5 50. gxf5+ Kf7 51. Rxc6 Rd3+ 52. Ke4 R3d6 53. Rc7+
R8d7 54. Rc8 Rd2 55. Ba1 Rf2 56. Rc6 Rf4+ 57. Ke3 Rxf5 58. Rxb6 Re7+ 59. Kd4
Rf4+ 60. Kc5 Rf1 61. Bd4 Rd7 62. Bb2 Rf2 63. Ba1 Rc2+ 64. Kb5 Rd5+ 65. Ka6 Ra2
66. Bxf6 Rxa3+ 67. Kb7 Rxh3 68. Bh8 Rf3 69. Kc6 Rd8 70. Rb7+ Kg6 71. Be5 h3 72.
Rb6 Kf5 73. Bc7 Rc3+ 74. Kb7 Rd7 75. Rb5+ Kg4 76. Rc5 Rxc5 77. bxc5 h2 0-1

[Event "FIDE World Rapid Team"]
[Site "Almaty KAZ"]
[Date "2024.08.04"]
[Round "11.13"]
[White "Williams, Justus"]
[Black "Tuleyeva-Aketayeva, Dana"]
[Result "1-0"]
[WhiteTitle "IM"]
[BlackTitle "WIM"]
[WhiteElo "2361"]
[BlackElo "2130"]
[WhiteTeam "Kazakhstan dream team"]
[BlackTeam "Abai Chess Team"]
[WhiteFideId "2049929"]
[BlackFideId "13701932"]
[EventDate "2024.08.02"]

1. e4 e5 2. Nf3 Nc6 3. Bc4 Bc5 4. d3 Nf6 5. a4 a6 6. c3 Ba7 7. O-O O-O 8. Bg5 d6
9. Nbd2 Be6 10. Re1 Qe7 11. h3 h6 12. Bh4 Kh7 13. Kh2 g5 14. Bg3 Kg6 15. d4 Bxc4
16. Nxc4 Nh5 17. dxe5 Nxg3 18. fxg3 dxe5 19. Qb3 Rab8 20. Rad1 b5 21. axb5 axb5
22. Ne3 Bxe3 23. Rxe3 Rfd8 24. Rd5 Na5 25. Qa3 Qxa3 26. Nxe5+ Kg7 27. bxa3 f6
28. Nf3 Nc4 29. Red3 Rxd5 30. Rxd5 c6 31. Rd7+ Kg6 32. Nd4 Ne5 33. Re7 c5 34.
Nf5 Nf7 35. g4 b4 36. axb4 cxb4 37. cxb4 Rxb4 38. g3 Rb8 39. h4 Rf8 40. Nd6 Kg7
41. Ne8+ Kg6 42. h5+ Kh7 43. Nxf6+ Kg7 44. Nd7 Rd8 45. e5 Kg8 46. e6 1-0

[Event "FIDE World Rapid Team"]
[Site "Almaty KAZ"]
[Date "2024.08.04"]
[Round "11.14"]
[White "Akylbek, Zhaksylyk"]
[Black "Ishmukhametov, Adil"]
[Result "1-0"]
[WhiteElo "1662"]
[BlackElo "2077"]
[WhiteTeam "Abai Chess Team"]
[BlackTeam "Kazakhstan dream team"]
[WhiteFideId "13725980"]
[BlackFideId "13700170"]
[EventDate "2024.08.02"]

1. d4 d5 2. c3 c6 3. e3 Bf5 4. f4 e6 5. Nf3 Nd7 6. Bd3 Bxd3 7. Qxd3 f5 8. Nbd2
Ngf6 9. O-O Bd6 10. Ne5 O-O 11. b3 Bxe5 12. fxe5 Ne4 13. Ba3 Rf7 14. Nxe4 fxe4
15. Qe2 Rxf1+ 16. Rxf1 Qg5 17. Qf2 Qg6 18. c4 Rc8 19. Bd6 h6 20. c5 b6 21. b4 b5
22. a4 a6 23. axb5 cxb5 24. Ra1 Rc6 25. h3 Qh5 26. Kh2 Qe8 27. g4 Nf8 28. Qxf8+
Qxf8 29. Bxf8 Kxf8 30. g5 hxg5 31. Rf1+ Ke7 32. Kg3 Rc8 33. Kg4 a5 34. bxa5 Ra8
35. Ra1 b4 36. Kxg5 b3 37. Rb1 Rxa5 38. Rxb3 Ra1 39. Rb7+ Kd8 40. Rxg7 Rf1 41.
Kh4 Rf3 42. Rg3 Rf8 43. Rg2 Rf3 44. Re2 Rf8 45. Ra2 Rf3 46. Ra3 Rf1 47. Kg5 Ke7
48. Ra7+ Ke8 49. h4 Rf3 50. Ra3 Ke7 51. h5 Rg3+ 52. Kh6 Kd7 53. Kh7 Kc6 54. Rb3
Kc7 55. h6 Kc6 56. Kh8 Kd7 57. h7 Kc7 58. Rb1 Kc8 59. Ra1 Kb7 60. Rf1 Rxe3 61.
Rg1 Kc6 62. Kg7 Ra3 63. h8=Q Ra7+ 64. Kf6 Rc7 65. Qe8+ Rd7 66. Rb1 e3 67. Rb6+ 1-0

[Event "FIDE World Rapid Team"]
[Site "Almaty KAZ"]
[Date "2024.08.04"]
[Round "11.15"]
[White "Ishmukhametova, Dilyara"]
[Black "Abuzyarov, Arlan"]
[Result "1/2-1/2"]
[WhiteElo "1954"]
[BlackElo "1851"]
[WhiteTeam "Kazakhstan dream team"]
[BlackTeam "Abai Chess Team"]
[WhiteFideId "13703072"]
[BlackFideId "13726820"]
[EventDate "2024.08.02"]

1. e4 c6 2. d4 d5 3. exd5 cxd5 4. Bd3 Nf6 5. Nf3 Bg4 6. h3 Bxf3 7. Qxf3 e6 8.
O-O Be7 9. c3 Nbd7 10. Bf4 O-O 11. Nd2 a5 12. Qe2 a4 13. a3 Qa5 14. Nf3 Rfc8 15.
Ne5 Nxe5 16. Bxe5 Nd7 17. f4 f6 18. f5 fxe5 19. fxe6 Nf6 20. dxe5 Qb6+ 21. Kh2
Qc7 22. Kh1 Ne4 23. Bxe4 dxe4 24. Rf7 Qxe5 25. Rxe7 Re8 26. Rxb7 Qxe6 27. Re1 e3
28. Rb4 Rad8 29. Rd4 Rxd4 30. cxd4 Qe4 31. Qc4+ Kh8 32. Re2 Rf8 33. Qc5 Rf1+ 34.
Kh2 Qf4+ 35. g3 Rf2+ 36. Rxf2 Qxf2+ 37. Kh1 Qf1+ 38. Kh2 Qf2+ 39. Kh1 h6 40.
Qc8+ Kh7 41. Qe6 Qf1+ 42. Kh2 Qf2+ 43. Kh1 Qf1+ 44. Kh2 Qf2+ 45. Kh1 e2 46. Qe4+
Kg8 47. Qe8+ Kh7 48. Qe4+ 1/2-1/2

[Event "FIDE World Rapid Team"]
[Site "Almaty KAZ"]
[Date "2024.08.04"]
[Round "11.16"]
[White "Matymov, Madi"]
[Black "Zhunusov, Nurlan"]
[Result "1-0"]
[WhiteElo "1824"]
[BlackElo "1771"]
[WhiteTeam "Abai Chess Team"]
[BlackTeam "Kazakhstan dream team"]
[WhiteFideId "13721283"]
[BlackFideId "13708872"]
[EventDate "2024.08.02"]

1. e4 e5 2. Nf3 Nc6 3. Bb5 a6 4. Ba4 b5 5. Bb3 Na5 6. O-O Nxb3 7. axb3 d6 8. Nc3
Bb7 9. Qe2 c5 10. d3 Be7 11. Be3 Nf6 12. Bg5 Nd7 13. Bxe7 Qxe7 14. Nd2 O-O 15.
f4 f6 16. Nd5 Bxd5 17. exd5 Qf7 18. c4 exf4 19. Rxf4 Rfe8 20. Re4 Ne5 21. Nf3
Qb7 22. d4 cxd4 23. Nxd4 bxc4 24. bxc4 Rec8 25. b3 Qb6 26. Kh1 Rab8 27. h3 Rb7
28. Nc6 Qxb3 29. Rxa6 Qb1+ 30. Kh2 Re8 31. Nxe5 Rxe5 32. Rxe5 dxe5 33. Qg4 Rb8
34. Ra7 Qg6 35. Qe6+ Kh8 36. Rb7 Re8 37. Re7 Rg8 38. d6 Qe4 39. Qg4 Qc6 40. d7
e4 41. d8=Q 1-0